Festa de l'esport : tothom hi juga : 2 i 3 de juny del 2007 / guió: Montserrat Núñez, Àrea d'Esports de la Diputació de Barcelona tothom hi juga :
Publicado:
Barcelona :
Diputació de Barcelona. [Àrea d'Esports], Agrupació Territorial de Consells Esportius de Barcelona ,
2007
Descripción Física:
1 disc òptic (DVD) ca. 10 min : col., so
Otros Autores:
Núñez, Montserrat
MARC
| LEADER | 00000ngm a2200000Ia 4500 | ||
|---|---|---|---|
| 001 | 21673 | ||
| 003 | BGR | ||
| 005 | 20260324180053.0 | ||
| 007 | co aa aaaaa | ||
| 008 | 160829s2007 xx 000 0 cat d | ||
| 080 | |a CD-2-22 | ||
| 245 | |a Festa de l'esport : |h [Enregistrament de vídeo] : |b tothom hi juga : |b 2 i 3 de juny del 2007 / |b guió: Montserrat Núñez, Àrea d'Esports de la Diputació de Barcelona | ||
| 260 | |a Barcelona : |b Diputació de Barcelona. [Àrea d'Esports], Agrupació Territorial de Consells Esportius de Barcelona, |c 2007 | ||
| 300 | |a 1 disc òptic (DVD) ca. 10 min : |b col., so | ||
| 650 | 0 | |a Esports |z Barcelona (Catalunya : Província) |9 34361 | |
| 655 | 0 | |9 54986 |a DVD | |
| 700 | |a Núñez, Montserrat |9 45386 | ||
| 710 | |a Barcelona (Catalunya : Província). |b Àrea d'Esports |9 53827 | ||
| 710 | 2 | |a Agrupació Territorial de Consells Esportius de Barcelona |9 70131 | |
| 901 | |a Arxiu | ||
| 942 | |n 1 |2 udc |c DVD | ||
| 952 | |0 0 |1 0 |4 0 |6 CD222 |7 1 |9 52565 |a Arxiu |b Arxiu |d 2016-12-01 |l 0 |o CD-2-22 |p 21673 |r 2016-12-01 00:00:00 |w 2016-12-01 |y ARXIU | ||
| 999 | |c 56414 |d 56414 | ||